[Event "I IRT CXG 2025"]
[Site "Rio de Janeiro"]
[Date "2025.04.08"]
[Round "6.1"]
[White "Macario, Jorge Luiz das Chag"]
[Black "Mendes, Jorge Alberto Dacal"]
[Result "0-1"]
[WhiteElo "1787"]
[BlackElo "1870"]
[Annotator "Chessbase - SF 17.1"]
[PlyCount "72"]
[EventDate "2025.??.??"]
[EventCountry "BRA"]

1. d4 {[%eval 17,0]} Nf6 {[%eval 19,0]} 2. c4 {[%eval 18,0]} g6 {[%eval 19,0]} 3. Nc3 {[%eval 21,0]} Bg7 {[%eval 51,0]} 4. e4 {[%eval 4,0]} O-O {[%eval 53,0]} 5. f3 {[%eval 27,0]} d6 {[%eval 3,0]} 6. Be3 {[%eval 3,0]} e5 {[%eval 57,0]} 7. d5 {[%eval 58,0]} a5 {[%eval 97,0]} 8. Bd3 {[%eval 62,0]} Nh5 {[%eval 93,0]} (8... Na6) 9. Nge2 {[%eval 91,0]} (9. Qd2 Qh4+ 10. g3 Nxg3 $2 (10... Qe7 $16) 11. Bf2 Bh6 12. Qc2 Bf4 13. Nce2 Na6 14. hxg3 Qxh1 15. gxf4 Nb4 16. Qd2 {Threatens to win with Bb1.} Nxd3+ 17. Qxd3 Qh2 18. Bg3 Qh5 19. O-O-O f6 20. Kb1 Qh6 21. c5 Bd7 22. Rc1 a4 23. fxe5 fxe5 {Rietze,C (2341)-Vincenti,L (2071) chess.com INT 2024 1-0 (42)}) 9... Nd7 $146 {[%eval 8,0]} (9... f5 {[%cal Bh5f4]} 10. Qd2 (10. exf5 gxf5 11. Qd2 Na6 12. O-O-O Nb4 13. Bb1 a4 14. a3 Na6 15. Bc2 Bd7 16. Bxa4 Bxa4 17. Nxa4 Qh4 18. Qc2 Nb8 {[%cal Bb7b5]} 19. g3 Qe7 20. Kb1 Nd7 21. c5 f4 22. cxd6 cxd6 23. gxf4 Nxf4 24. Ng3 {Bendayan Claros,A (2151)-Forcen Esteban,D (2308) Granada 2009 1-0 (57)}) (10. Qc2 Qe7 (10... Nf4 $5 11. Nxf4 (11. Bxf4 exf4 12. O-O fxe4) 11... exf4) 11. O-O-O f4 12. Bf2 Na6 13. a3 b6 14. Rdg1 Nc5 15. Be1 g5 16. g3 $2 (16. h3 $14) 16... Nf6 $2 (16... g4 $17 {stays on course.} 17. fxg4 Bxg4 18. gxf4 Bf3) 17. h4 $2 (17. h3 $16) 17... g4 $17 18. gxf4 exf4 19. Nxf4 Qe5 $2 (19... gxf3 $19 {Strongly threatening ...Ng4.} 20. Nd1 Ng4) 20. fxg4 $2 {[%mdl 8192]} (20. Ne6 {and White stays safe.} Bxe6 21. dxe6) 20... Nxg4 (20... Qxf4+ $19 {and Black stays clearly on top.} 21. Bd2 Qe5) 21. Rf1 $2 (21. Ng2 $17) 21... Bd7 (21... Rxf4 22. Qe2 Rxf1 23. Rxf1 Nh2) 22. b3 $2 (22. Ng2) 22... Qd4 23. Be2 Nf2 $4 {[%mdl 8192]} (23... Ne3 $19 24. Qb2 Nxf1 25. Rxf1 Nxe4) 24. Rxf2 {Werner,J-Menkowski,P Germany 1998 1-0}) 10... f4 11. Bf2 a4 12. Bc2 Bd7 13. Nb5 Bxb5 14. cxb5 Nd7 15. Qb4 b6 16. Bxa4 Nc5 {...Nd3+ is the strong threat.} 17. Bc2 {Inhibits Nd3+.} Bf6 18. Qd2 Bh4 19. Nc3 Qe7 20. b4 Nd7 21. a4 Bxf2+ 22. Qxf2 Nhf6 23. a5 Ra7 24. O-O {Tegelidis,P (1990)-Lazaridis,F (1715) Athens 1997 0-1 (59)}) 10. O-O {[%eval 36,0] [#]} (10. Qd2 Nc5 11. Bc2 Qh4+ 12. g3 Qe7 13. O-O-O Bd7 14. g4 Nf4 15. Nxf4 exf4 16. Bxf4 a4 17. Bh6 a3 18. b3 Bh8 19. Bxf8 Kxf8 20. f4 Qf6 21. e5 dxe5 22. g5 Qxf4 23. Rhf1 Qxd2+ 24. Rxd2 Ke7 25. Rdf2 Rf8 26. h4 Bg7 27. Ne4 Nxe4 28. Bxe4 f5 29. gxf6+ Rxf6 30. Kc2 b6 31. b4 Rxf2+ 32. Rxf2 Bf6 33. Rh2 Bf5 34. Kd3 Kd6 35. h5 Bg5 36. hxg6 hxg6 37. Rh7 Be7 38. Rg7 b5 39. c5+ {1-0 Sarana,A (2685)-Perske,T (2448) Titled Tuesday intern op 16th May Late Chess.com INT blitz 2023 (1)}) 10... f5 $146 {[%eval 5,0][%cal Bf7f5,Bf5f4][%mdl 32] White is slightly better.} (10... Nc5 11. Bc2 f5 12. exf5 gxf5 13. a3 Kh8 14. Qd2 Rg8 15. Kh1 b6 16. Rab1 f4 17. Bf2 Bf6 18. b4 axb4 19. axb4 Nb7 20. Qe1 Qf8 21. Ne4 Be7 22. Bh4 Qg7 23. Rg1 Nf6 24. Nxf6 Bxf6 25. Nc3 Bxh4 26. Qxh4 Ra3 27. g3 Bg4 28. fxg4 Rxc3 29. Rbc1 fxg3 30. hxg3 Rxc4 31. Bf5 Rxc1 32. Rxc1 Nd8 33. Kg2 Qf7 34. Bxh7 Qxh7 35. Qf6+ Rg7 36. Qxd8+ Qg8 37. Rh1+ Rh7 38. Rxh7+ Kxh7 39. Qxc7+ Qg7 40. Qxd6 {1-0 Chylewski,P (2323)-Furtak,J (2022) Krakow Malopolska-ch 2021 (2)}) 11. Kh1 $2 {[%eval 79,0] Mistake. exf5 was best.} (11. exf5 gxf5 12. g4 e4 13. gxh5 exd3 14. Nf4) 11... f4 {[%eval 81,0]} 12. Bf2 {[%eval 82,0]} Ndf6 $2 {[%eval 6,0] Mistake. Bf6 was best.} (12... Bf6) 13. Qd2 $2 {[%eval 71,0] Mistake. c5 was best.} (13. c5 g5) 13... Rf7 $6 {[%eval 4,0] Inaccuracy. b6 was best.} (13... b6 14. a3) 14. Rfc1 $2 {[%eval -86,0] Mistake. c5 was best.} (14. c5 Bf8 15. c6 g5 16. g4 fxg3 17. hxg3 g4 18. f4 bxc6 19. dxc6 Qe8) 14... Qf8 $4 {[%eval 98,0] Blunder. b6 was best.} (14... b6 15. a3 g5 16. c5 bxc5 17. b4 g4 18. bxc5 g3 19. hxg3 Bh6 20. Qe1) 15. Qe1 $4 {[%eval 86,0] Blunder. c5 was best.} (15. c5) 15... g5 $2 {[%eval 28,0][%cal Bg6g5,Bg5g4][%mdl 32] Mistake. b6 was best.} (15... b6) 16. Qf1 $4 {[%eval -93,0] Blunder. c5 was best.} (16. c5 dxc5) 16... Bh6 $2 {[%eval 52,0] Mistake. b6 was best.} (16... b6 17. a3 g4 18. b4 g3 19. Be1 Ng4 20. fxg4 Bxg4 21. Ng1 f3 22. Bxg3) 17. Rc2 $4 {[%eval -197,0] Blunder. c5 was best.} (17. c5 g4) 17... Rg7 $2 {[%eval 94,0] Mistake. b6 was best.} (17... b6 18. h3 g4 19. hxg4 Bxg4 20. fxg4 Nxg4 21. Bh4 Ng3+ 22. Nxg3 fxg3 23. Qd1) 18. Ng1 $6 {[%eval -28,0] Inaccuracy. c5 was best.} (18. c5 dxc5 19. Nb5 b6 20. Bc4 Kh8 21. d6 cxd6 22. Rd1 Ne8 23. h3 Rg6) 18... g4 {[%eval -44,0]} 19. Be1 $6 {[%eval -156,0] Inaccuracy. fxg4 was best.} (19. fxg4) 19... Qf7 {[%eval -197,0][%cal Bh5g3]} 20. Nb5 {[%eval -119,0]} {[%tqu "En","","","","h5g3","",10]} Ng3+ $1 {[%eval -106,0][%mdl 512]} 21. Bxg3 {[%eval -126,0]} fxg3 {[%eval -122,0]} 22. h3 $2 {[%eval -448,0] Mistake. fxg4 was best.} (22. fxg4 Qg6 23. Qe1 Bf4 24. h3 Qh6 25. g5 Bxg5 26. c5 Be3 27. cxd6 Ng4) 22... Qh5 $4 {[%eval -193,0] Blunder. gxh3 was best.} (22... gxh3 23. Nxh3 Nh5 24. c5 Nf4 25. Nxd6 cxd6 26. Rac1 Bxh3 27. gxh3 Nxd3 28. Qxd3) 23. Re1 $2 {[%eval -307,0] Mistake. fxg4 was best.} (23. fxg4 Nxg4 24. Be2 Rf7 25. Qe1 Qh4 26. Bxg4 Bxg4 27. Rc3 Rf2 28. Rd3 Rc8) 23... Qh4 {[%eval -355,0]} 24. Ree2 $6 {[%eval -405,0] Inaccuracy. fxg4 was best.} (24. fxg4 Nxg4 25. Nf3 Qh5 26. Ng1 Rf7 27. Nf3 Nf2+ 28. Rxf2 gxf2 29. Qxf2 Bxh3) 24... Nh5 {[%eval -327,0] [#] And now ...gxh3 would win.} 25. fxg4 {[%eval -358,0]} Bxg4 {[%eval -352,0]} 26. Nf3 {[%eval -482,0]} Rf8 {[%eval -313,0]} 27. Kg1 $6 {[%eval -524,0] Inaccuracy. Rf2 was best.} (27. Rf2 gxf2 28. Nxh4 Ng3+ 29. Kh2 Nxf1+ 30. Bxf1 Bf4+ 31. Kh1 Bg3 32. Nf5 Bxf5) 27... Rxf3 $1 {[%eval -652,0][%mdl 512]} 28. gxf3 {[%eval -534,0]} Bxh3 {[%eval -548,0]} 29. Qe1 {[%eval -563,0]} Nf4 {[%eval -551,0]} 30. Qxa5 {[%eval -686,0]} Kh8 {[%eval -694,0]} 31. Nxc7 {[%eval -626,0]} Bf1 {[%eval -664,0][%mdl 64] [#] Pin} 32. Ne6 {[%eval -708,0]} Nxe6 {[%eval -728,0]} 33. dxe6 {[%eval -854,0]} Bxe2 {[%eval -759,0]} 34. Rxe2 $2 {[%eval -32761,0] Checkmate is now unavoidable. Qd8+ was best.} (34. Qd8+ Qxd8 35. e7 Rxe7 36. Rxe2 Re8 37. f4 Qh4 38. f5 Rf8 39. Rc2 Bf4) {[%tqu "En","","","","h6e3","",10]} 34... Be3+ $1 {[%eval -32763,0][%mdl 576] Deflection. Black mates.} 35. Rxe3 {[%eval -32763,0]} (35. Kg2 Qh2+) 35... Qh2+ {[%eval -32765,0]} 36. Kf1 {[%eval -32765,0]} Qf2# {Weighted Error Value: White=1.14/Black=0.58 PRECISÃO SF 17.1: BRANCAS 77% PRETAS 83%} 0-1

[Event "I IRT CXG 2025"]
[Site "Rio de Janeiro"]
[Date "2025.04.08"]
[Round "6.2"]
[White "Rovedo, Salomão"]
[Black "Chaves, Jorge Antonio Torre"]
[Result "0-1"]
[WhiteElo "1727"]
[BlackElo "1873"]
[Annotator "Chessbase - SF 17.1"]
[PlyCount "58"]
[EventDate "2025.??.??"]
[EventCountry "BRA"]

1. e4 {[%eval 18,0]} c5 {[%eval 25,0]} 2. Nf3 {[%eval 2,0]} Nc6 {[%eval 25,0]} 3. d4 {[%eval 27,0]} cxd4 {[%eval 35,0]} 4. Nxd4 {[%eval 21,0]} e5 {[%eval 42,0]} 5. Nf3 {[%eval 0,0]} f5 $6 {[%eval 9,0] Inaccuracy. Nf6 was best.} (5... Bb4+ 6. c3 Be7 7. Bc4 Nf6 {Prevents Qd5.} 8. O-O O-O 9. Re1 d6 10. Nbd2 h6 11. Nf1 Be6 12. Bb3 Qd7 13. Ng3 Rfe8 14. Nh4 Rad8 15. Nhf5 d5 16. exd5 Bxd5 17. Bxd5 Qxd5 18. Nxe7+ Rxe7 19. Be3 Red7 {[%cal Rd5d1]} 20. Qa4 {Ponkratov,P (2499)-Fedorov,A (2603) Kazan 2008 0-1 (47)}) (5... Nf6 6. Bc4 (6. Bd3 Bc5 7. c4 d6 8. Nc3 Bg4 9. O-O h6 10. Be2) 6... Nxe4 7. Qd5 Nd6 8. Bb3 f6 9. Bd2 Qc7 10. Na3 a5 11. Nb5 Nxb5 12. Qxb5 Ne7 13. O-O-O Qc6 14. Qe2 d5 15. a4 Bf5 16. Nh4 Be6 17. f4 e4 18. Bc3 b6 19. g4 O-O-O 20. Rhg1 Kb7 21. Rg3 Ng6 22. Ng2 Bf7 23. Bd4 Bb4 24. Qf2 Qd6 25. g5 Rhg8 26. Rh3 Rh8 27. Kb1 Bc5 28. Rg3 f5 29. h4 Ne7 30. Ne3 Bxd4 31. Rxd4 g6 32. Rg1 Qc5 33. Rgd1 Rd6 34. Bc4 Rhd8 35. Bb5 {½-½ Jobava,B (2706)-Potapov,P (2475) RUS-chT 21st Loo 2014 (1.6)}) 6. Nc3 $146 {[%eval 87,0]} (6. exf5 Nf6 (6... d5 7. a3 $2 (7. Bb5 $16) 7... Bxf5 8. Bb5 {And now Nxe5 would win.} Qa5+ 9. Nc3 {Nxe5 is the strong threat.} d4 10. Nxd4 $2 {[%mdl 8192]} (10. Qe2 {and White has nothing to worry.} O-O-O 11. Bxc6 bxc6 12. b4 Bxb4 13. axb4 Qxa1 14. O-O) 10... exd4 $19 11. Qxd4 {Strongly threatening Qe5+.} Qxb5 12. Nxb5 Nxd4 13. Nxd4 Bg6 14. O-O O-O-O 15. Be3 a6 16. c3 Nf6 17. Rfe1 Ng4 18. Bg5 Nf6 19. Be3 Nd5 20. Bg5 Re8 {Moulias,A-Hitos,V Mitilini 2008 0-1 (33)}) 7. c3 (7. Bb5 Be7 8. c3 {[%cal Bg2g4]} d6 9. Nh4 O-O 10. O-O d5 (10... Ne8 $5 {[%cal Re7h4]} 11. Nf3 Bxf5 $15) 11. Nf3 Qc7 12. Bg5 Rd8 13. Qe2 e4 14. Nd4 Nxd4 15. cxd4 Bxf5 16. Bh4 Qb6 17. Rd1 Bg4 18. f3 exf3 19. gxf3 Bxf3 20. Qxf3 Qxb5 {Ibraimi,I-Spaiju,B (1876) Ohrid 2022 ½-½ (44)}) 7... d5 8. Bb5 {aiming for Nxe5.} Bd6 9. Bg5 Qb6 (9... Bc5 $5 {[%cal Rc5f2]}) 10. Bxf6 gxf6 11. Qxd5 Bc5 12. Bxc6+ $2 (12. Na3 $18 Bxf2+ 13. Kf1) 12... bxc6 $17 13. Qd2 Bxf5 (13... Ba6 $5 {[%cal Ra8d8]} 14. b4 Bf8) 14. b4 Be7 15. O-O Rd8 16. Qe2 $2 {[%mdl 8192]} (16. Qh6 $14 {keeps the upper hand.}) 16... Bd3 $19 17. Qd1 Bxf1 18. Qxf1 e4 19. Nd4 c5 20. bxc5 Bxc5 {Brokenshire,L (1800)-Nielsen,J (2065) Portsmouth 1998 0-1 (39)}) (6. Bc4 Nf6 7. Ng5 d5 8. exd5 Qa5+ 9. Bd2 Qc5 10. dxc6 Qxc4 11. Nf3 Qxc6 12. Nc3 e4 13. Nd4 Qb6 (13... Qc4 $5 {[%cal Rc4d4]} 14. Nce2 Bd7) 14. Bf4 Bb4 15. Qd2 Bd7 16. a3 Bc5 (16... Bxc3 $5 17. bxc3 Qa6 $15) 17. O-O-O O-O 18. f3 Rac8 19. fxe4 fxe4 20. Be5 $2 (20. Rhf1 $15) 20... Ng4 $1 {Lichtnau,U (1467)-Friedrich,J (1657) Mecklenburg VP 2015 ½-½}) 6... Nf6 {[%eval 85,0]} 7. Bg5 {[%eval 34,0] Black must now prevent Bxf6.} (7. exf5 $6 Bb4) 7... Bb4 {[%eval 39,0] [#]} 8. a3 $6 $146 {[%eval 52,0] Inaccuracy. exf5 was best. White is slightly better.} (8. Bc4 Bxc3+ 9. bxc3 fxe4 10. Nh4 d5 11. Bb3 Be6 12. O-O O-O 13. f3 exf3 14. Nxf3 Qb6+ 15. Kh1 Rad8 16. Bxf6 Rxf6 17. Ng5 Ne7 18. Qd3 e4 19. Qg3 Rg6 20. Qf4 h6 21. Nxe6 Qxe6 22. Qc7 Rd7 23. Qb8+ Kh7 24. Rf8 Rf6 25. Rh8+ Kg6 26. Qg3+ Kf7 27. c4 dxc4 28. Ba4 Qf5 29. h3 Rd2 30. Be8+ Ke6 31. Qc3 Qd5 32. Bh5 Qd4 33. Bg4+ Kf7 34. Qxd4 Rxd4 35. Rb1 b6 36. Ra8 a5 37. Re1 c3 {0-1 Shim Ng Min,F (1254)-Barros Uriburu,N (1118) RF-2016-0-00306 LSS email}) (8. exf5 d5 9. Bb5 Bxc3+ 10. bxc3 O-O 11. O-O Bxf5 12. Bxc6 bxc6 13. Nxe5 Qd6) 8... Bxc3+ {[%eval 61,0]} 9. bxc3 {[%eval 55,0]} fxe4 {[%eval 64,0]} {[%tqu "En","","","","f3d2","",10]} 10. Nd2 {[%eval 68,0]} d5 $36 {[%eval 67,0][%mdl 2048] Hoping for ...h6. Black is more active.} 11. Bb5 $2 {[%eval -7,0] Mistake. c4 was best.} (11. c4 Be6 12. cxd5 Bxd5 13. Bc4 Bxc4 14. Nxc4 Qxd1+ 15. Rxd1 Ke7 16. Nd2 h6) 11... a6 $6 {[%eval -74,0] Inaccuracy. O-O was best.} (11... O-O 12. O-O) 12. Ba4 {[%eval -32,0]} O-O {[%eval -31,0]} 13. h3 $6 {[%eval -123,0] Inaccuracy. O-O was best.} (13. O-O Na5 14. c4 Nxc4 15. Nxc4 dxc4 16. c3 Qxd1 17. Rfxd1 Bf5 18. Bc2 Bg6) 13... Bf5 {[%eval -155,0]} 14. Bb3 {[%eval -161,0]} Kh8 {[%eval -163,0]} 15. g4 $6 {[%eval -276,0] Inaccuracy. Nf1 was best.} (15. Nf1 Be6 16. Ne3 Ne7 17. O-O h6 18. Bh4 g5 19. Bg3 Ng6 20. Qe1 Qc7) 15... Bg6 {[%eval -287,0]} 16. h4 {[%eval -295,0]} Qb6 $6 {[%eval -26,0] Inaccuracy. h6 was best.} (16... h6 17. Qe2 Qd6 18. Bxf6 Rxf6 19. g5 Rf4 20. gxh6 gxh6 21. Rg1 Bf7 22. O-O-O) 17. Be3 $2 {[%eval -221,0] Mistake. h5 was best. [#]} (17. h5 Bf7 (17... Be8 18. h6 gxh6 19. Bxh6 Bd7 20. Bxf8 Rxf8 21. Qe2 Bxg4 22. Qe3 Qxe3+) 18. Rb1) 17... d4 $19 {[%eval -213,0]} 18. cxd4 {[%eval -383,0]} exd4 {[%eval -202,0]} 19. Nc4 {[%eval -356,0]} Qc5 {[%eval -367,0]} 20. Bf4 {[%eval -382,0]} e3 {[%eval -394,0]} 21. f3 $6 {[%eval -479,0] Inaccuracy. O-O was best.} (21. O-O exf2+ 22. Rxf2 Ne4 23. Rf1 b5 24. Nb6 Qxb6 25. h5 d3+ 26. Kg2 dxc2) 21... Rad8 {[%eval -488,0] Prevents Bd6.} 22. h5 {[%eval -464,0]} {[%tqu "En","","","","g6c2","",10]} Bxc2 $6 {[%eval -389,0][%mdl 512] Inaccuracy. Bf7 was best.} (22... Bf7 23. Qd3 Bxc4 24. Bxc4 Nd7 25. h6 g5 26. Bc7 Nce5 27. Bxd8 Nxd3+ 28. cxd3) 23. Qxc2 {[%eval -216,0]} d3 {[%eval -244,0]} 24. Qh2 $6 {[%eval -467,0] Inaccuracy. Bxe3 was best.} (24. Bxe3 Qxe3+ (24... Nd4) 25. Nxe3 dxc2 26. Nxc2) 24... d2+ {[%eval -483,0]} 25. Kf1 {[%eval -476,0]} {[%tqu "En","","","","f6g4","",10]} Nxg4 {[%eval -473,0][%mdl 512]} 26. Qg3 {[%eval -482,0]} {[%tqu "En","","","","f8f4","",10]} Rxf4 $1 {[%eval -479,0][%mdl 576] [#] Promotion} 27. Qxf4 {[%eval -485,0]} (27. Kg2 Qd4) 27... e2+ {[%eval -431,0][%mdl 64] Promotion} 28. Kxe2 $4 {[%eval -32763,0] Checkmate is now unavoidable. Kg2 was best.} (28. Kg2 Qf2+ 29. Kh3 e1=Q 30. Raxe1 dxe1=R 31. Rxe1 Qxe1 32. Qxg4 b5 33. Qf4 Qh1+) 28... d1=Q+ {[%eval -32765,0]} 29. Rhxd1 {[%eval -32765,0]} Qf2# {Weighted Error Value: White=0.85/Black=0.24 (precise) PRECISÃO SF 17.1: BRANCAS 85% PRETAS 94%} 0-1

[Event "I IRT CXG 2025"]
[Site "Rio de Janeiro"]
[Date "2025.04.08"]
[Round "6.3"]
[White "Santos Filho, Tadeu Souza"]
[Black "Brito, Vicente De Paulo Al"]
[Result "1-0"]
[WhiteElo "2017"]
[BlackElo "1880"]
[Annotator "Chessbase - SF 17.1"]
[PlyCount "105"]
[EventDate "2025.??.??"]
[EventCountry "BRA"]

1. e4 {[%eval 18,0]} e6 {[%eval 28,0]} 2. d4 {[%eval 28,0]} d5 {[%eval 33,0]} 3. Nc3 {[%eval 28,0]} dxe4 {[%eval 29,0]} 4. Nxe4 {[%eval 26,0]} Bd7 {[%eval 48,0]} 5. Nf3 {[%eval 38,0]} Bc6 {[%eval 42,0]} 6. Bd3 {[%eval 47,0]} Nd7 {[%eval 49,0]} 7. Bf4 {[%eval 53,0]} Ngf6 {[%eval 34,0]} (7... Be7 8. O-O Ngf6 9. Ned2 O-O 10. Nc4 b6 11. Qe2 Bb7 12. Rad1 Nd5 13. Bg3 N7f6 14. Nce5 Nh5 15. Ba6 Qc8 16. Bxb7 Qxb7 17. Qb5 Nxg3 18. hxg3 c5 19. c4 Nf6 20. dxc5 Bxc5 21. b4 a6 22. Qc6 Qxc6 23. Nxc6 Rfc8 24. bxc5 Rxc6 25. cxb6 Rxb6 26. Rb1 Rab8 27. Rxb6 Rxb6 28. Rd1 Kf8 29. Ne5 Ke8 30. f3 Rb2 31. g4 Re2 32. Nc6 Nd7 33. Rb1 Nc5 34. Rd1 Nd7 35. Rb1 Rc2 36. Nb4 Rxc4 37. Nxa6 {½-½ Safarli,E (2628)-Jobava,B (2722) Qatar Masters op Doha 2014 (7)}) 8. Qe2 {[%eval 34,0]} Bxe4 {[%eval 46,0]} 9. Bxe4 {[%eval 4,0]} Nxe4 {[%eval 37,0] White has an edge.} 10. Qxe4 {[%eval 43,0]} c6 {[%eval 39,0]} 11. O-O-O {[%eval 35,0][%cal Ba1d1,Bd1d3,Bd3b3][%mdl 32]} (11. c3 Be7 12. O-O O-O 13. Rfe1 a5 14. a4 Nf6 15. Qc2 Qb6 16. Ne5 Rad8 17. Bg5 Rd5 18. Re3 (18. c4 $5 {[%cal Rc4d5]} Rdd8 19. c5 $14) 18... Qd8 (18... h6 $5 {[%cal Rh6g5]} 19. Nc4 Qa6 20. Bxf6 Bxf6) 19. Rh3 g6 20. Re1 Nd7 21. Bxe7 Qxe7 22. Nc4 Nf6 23. Qc1 Rfd8 24. Qh6 Qf8 (24... c5 $5 {[%cal Rc5d4]}) 25. Qxf8+ (25. Qh4 $5 {[%cal Rh4f6]} Qg7 26. Qf4 $14) 25... Kxf8 {Lortkipanidze,N (2359)-Howell,D (2668) chess.com INT 2025 0-1 (68)}) 11... Qa5 $146 {[%eval 62,0]} (11... Nf6 12. Qe2 Be7 (12... Nd5 13. Bd2 Be7 14. Kb1 O-O 15. h4 a5 16. g4 b5 17. g5 b4 18. h5 a4 19. g6 {Hoping for h6.} fxg6 $2 {[%mdl 8192]} (19... Bf6 $14) 20. hxg6 Rf6 21. Rxh7 {White threatens Rdh1 and mate.} Rxg6 22. Rdh1 Kf7 23. Ne5+ Kf6 24. Qf3+ {1-0 (24) Christiansen,N (1558)-Root,A (1949) Berkeley USA 2023}) 13. Ne5 O-O (13... Qd5 14. Kb1 Qe4 15. Qxe4 Nxe4 16. Rhe1 Nd6 17. c3 Rd8 18. Kc2 O-O 19. g4 Ne8 20. g5 Nd6 21. h4 Nf5 22. h5 Bd6 23. g6 Bxe5 24. gxf7+ Rxf7 25. Bxe5 Rfd7 26. Bf4 {Visitov,D (1688)-Khmelev,M (1874) St Petersburg RUS 2024 ½-½ (41)}) 14. h4 Nd5 15. Bd2 Bxh4 $2 {[%mdl 8192]} (15... Qc7 $14) 16. Qh5 $18 Nf6 17. Qxh4 Qd5 18. Bg5 Qe4 19. Bxf6 Qxh4 20. Bxh4 f6 21. Nd7 Rf7 22. Nc5 e5 23. dxe5 fxe5 24. Rhe1 Re8 25. Rxe5 Rxe5 26. Rd8+ {Akramov,K (1037)-Sakhokia,L Batumi 2022 1-0}) 12. Kb1 {[%eval 68,0]} Nf6 {[%eval 69,0] [#]} 13. Qe2 $146 {[%eval 71,0]} (13. Qd3 Nd5 14. Bg3 Be7 15. Rhe1 Bf6 16. Ne5 Qb6 17. Nc4 Qa6 18. Nd6+ Kf8 19. Qb3 b5 20. Ne4 Be7 21. Bd6 Bxd6 22. Nxd6 Rd8 23. Ne4 Qb6 24. Nc5 Rd6 25. Rd3 h5 26. Rf3 Rh6 27. c3 a5 28. Ne4 Rd7 29. Ng5 Re7 30. Qc2 Kg8 31. Nh3 Qc7 32. g3 c5 33. dxc5 Qxc5 34. Nf4 Nxf4 35. Rxf4 Rd7 36. Rfe4 Rd5 37. c4 Rf5 38. f4 b4 39. Rd1 Rhf6 40. Rd8+ Kh7 41. Re5 Qc7 42. Rd1 g6 {0-1 De Dios Suarez,M (1466)-Berenstein,G (1645) Las Americas op U1800 Hybrid Internet 2022 (4.13)}) 13... Bb4 {[%eval 121,0]} 14. Be5 {[%eval 95,0]} (14. a3 $6 Be7) 14... O-O-O {[%eval 115,0]} 15. c4 {[%eval 64,0]} Bd6 {[%eval 63,0]} 16. Rd3 {[%eval 69,0]} Bxe5 {[%eval 7,0]} 17. Nxe5 {[%eval 78,0]} (17. dxe5 Rxd3 18. Qxd3 Rd8) 17... Qc7 {[%eval 81,0]} 18. Rhd1 {[%eval 79,0]} Kb8 {[%eval 68,0]} 19. Qf3 {[%eval 41,0]} Rhf8 {[%eval 41,0]} 20. Rb3 {[%eval 49,0] [#] Strongly threatening Nxc6+.} Kc8 {[%eval 46,0]} 21. Ra3 {[%eval 21,0]} Kb8 {[%eval 4,0]} 22. Qe3 {[%eval 29,0][%cal Bd4d5]} c5 $6 {[%eval 137,0] Inaccuracy. a6 was best.} (22... a6 23. f4) 23. f4 $2 {[%eval 24,0] Mistake. Rad3 was best.} (23. Rad3) 23... cxd4 $6 {[%eval 123,0] Inaccuracy. Nd7 was best.} (23... Nd7) 24. Rxd4 {[%eval 104,0]} Rxd4 {[%eval 147,0]} 25. Qxd4 {[%eval 165,0]} a6 {[%eval 157,0]} 26. Rd3 {[%eval 154,0]} Rc8 {[%eval 135,0][%cal Bf6d5]} 27. b4 $2 {[%eval 19,0] Mistake. a3 was best.} (27. a3 h5) 27... b5 $6 {[%eval 8,0] Inaccuracy. Nd5 was best.} (27... Nd5) 28. c5 {[%eval 29,0]} Nd5 {[%eval 36,0]} 29. g3 {[%eval 53,0]} f6 {[%eval 64,0]} 30. Nf3 {[%eval 68,0][%cal Bf4f5]} Qc6 {[%eval 67,0][%cal Ba6a5]} 31. Kb2 {[%eval 51,0][%cal Bb1b2,Bb2b3,Bb3c2,Bc2d3][%mdl 32]} Nb6 $6 {[%eval 145,0] Inaccuracy. a5 was best.} (31... a5 32. a3) 32. Kb3 $36 {[%eval 108,0][%mdl 2048] Black must now prevent Qd6+. Black is under strong pressure.} (32. cxb6 Qc2+ 33. Ka3 Qa4+ 34. Kb2 Rc2+ 35. Kb1 Qxa2#) 32... a5 $4 {[%eval 308,0] Blunder. Nc4 was best. [#]} (32... Nc4) 33. Qd6+ $18 {[%eval 269,0]} (33. cxb6 {leads to mate.} Qc2+ 34. Ka3 Qa4+ 35. Kb2 Rc2+ 36. Kb1 Qxa2#) (33. bxa5 Nc4) 33... Qxd6 {[%eval 209,0]} 34. Rxd6 {[%eval 295,0][%mdl 4096] Endgame KRN-KRN} (34. cxd6 a4+ 35. Kb2 Rd8) 34... a4+ {[%eval 372,0]} 35. Kc2 {[%eval 356,0]} Nd5 {[%eval 352,0]} 36. a3 {[%eval 305,0]} Re8 {[%eval 367,0]} 37. Kd3 {[%eval 305,0] Against Ne3} Nc7 {[%eval 409,0]} 38. Nd4 {[%eval 395,0]} e5 {[%eval 404,0]} 39. fxe5 {[%eval 456,0]} fxe5 {[%eval 445,0]} {[%tqu "En","","","","d4b5","",10]} 40. Nxb5 {[%eval 436,0][%mdl 512]} Nxb5 {[%eval 405,0] KRN-KR} 41. Rb6+ {[%eval 405,0]} Kc7 {[%eval 451,0]} 42. Rxb5 {[%eval 428,0] KR-KR} Rd8+ {[%eval 408,0]} 43. Ke3 {[%eval 411,0]} e4 $6 {[%eval 534,0] Inaccuracy. Rd1 was best.} (43... Rd1 44. Ra5 Re1+ 45. Kd2 Rh1 46. b5 e4 47. Rxa4 Rxh2+ 48. Kc3 Rh5 49. Rxe4) 44. Kxe4 {[%eval 533,0] White is clearly winning.} Rd2 {[%eval 531,0]} 45. Ra5 {[%eval 506,0]} Rxh2 {[%eval 487,0]} 46. Rxa4 {[%eval 516,0]} g5 {[%eval 549,0]} 47. Kf5 {[%eval 503,0]} h6 {[%eval 512,0]} 48. Ra6 {[%eval 521,0]} Kb7 {[%eval 549,0]} 49. Rb6+ {[%eval 562,0]} Ka7 {[%eval 555,0]} 50. a4 {[%eval 528,0]} Ra2 {[%eval 612,0]} 51. Rxh6 {[%eval 608,0]} Rxa4 {[%eval 679,0]} 52. Rb6 {[%eval 668,0]} Ra3 {[%eval 672,0]} 53. g4 {[%eval 678,0] Weighted Error Value: White=0.24 (precise) /Black=0.43 PRECISÃO SF 17.1: BRANCAS 95% PRETAS 91%} 1-0